| 000 | 00562nam a22001817a 4500 | ||
|---|---|---|---|
| 999 |
_c179770 _d179770 |
||
| 005 | 20210716101234.0 | ||
| 010 | _aB-740588 | ||
| 020 |
_a9780199564255 _c2495.00 |
||
| 035 | _aB-740588 | ||
| 037 | _bGift | ||
| 082 | _a453.21 | ||
| 245 |
_aConcise oxford-Paravia Italian Dictionary: _bEnglish-Italian, Italian-English |
||
| 250 | _a2nd ed. | ||
| 260 |
_bOxford University Press _c2009 |
||
| 300 |
_a1634p. _c22cm(Hb) |
||
| 942 |
_2ddc _cRF _mCON _h453.21 |
||